000 00692 a2200217 4500
001 sjds
003 sjds
005 20250130203433.0
008 250130b |||||||| |||| 00| 0 spa d
020 _a9780201444063 (pbk.)
020 _a0201444062 (pbk.)
040 _csjds
041 _aspa
100 1 0 _aGroening, Maggie
245 1 0 _aBloques rojos, bloques azules /
_cescrito por Maggie Groening ; ilustrado por Peter Panas.
260 _aUnited States :
_bScott Foresman Addison Wesley,
_c [no date]
300 _a16 pages :
_bcolor illustrations ;
_c 23 cm
440 _aChildren's Television Workshop Play it Smart ; Mathmatazz : Libro A
700 1 0 _aPanas, Peter
942 _cBK
999 _c21578
_d21578